| 000 | 00505nam a22001817a 4500 | ||
|---|---|---|---|
| 005 | 20141010121913.0 | ||
| 010 | _aENG-110959 | ||
| 020 |
_a9789351134206 _c395.00 |
||
| 035 | _aEN-94491 | ||
| 037 | _bDBAD/PUB | ||
| 082 | _a230 | ||
| 100 | _aGill, Davinder | ||
| 245 |
_aSelf realization / _cby Davinder Gill |
||
| 260 |
_aChandigarh _bUnistar Books _c2014 |
||
| 270 |
_aSCO.26-27, Sector-34A _bChandigarh _e160022 |
||
| 300 |
_a204p. : _c22cm(pbk) _bill. |
||
| 942 |
_2ddc _cEN _mGIL _h230 |
||
| 999 |
_c88987 _d88987 |
||